[Event "ODJM A 2015"]
[Site "Willingen GER"]
[Date "2015.05.27"]
[Round "6"]
[White "Hoppe, Andreas"]
[Black "Borchert, Louis"]
[Result "1/2-1/2"]
[Termination "normal"]
[Board "23"]
[WhiteElo "1767"]
[BlackElo "1829"]
[PlyCount "129"]
[WhiteFideId "12922811"]
[BlackFideId "12990680"]
[EventCountry "GER"]
[EventRounds "9"]
[EventType "swiss"]
[EventDate "2015.05.23"]

1. d4 d5 2. Bf4 Nf6 3. Nc3 c6 4. f3 Bf5 5. e3 e6 6. Qd2 a5 7. g4 Bg6 8. h4 h6
9. Nh3 b5 10. g5 hxg5 11. Nxg5 Nbd7 12. Bd3 Bxd3 13. Qxd3 Nb6 14. e4 Be7 15. e5
Nh5 16. Bd2 Ng3 17. Rg1 Nf5 18. O-O-O Rxh4 19. f4 Bxg5 20. fxg5 Rxd4 21. Qe2
Qc7 22. g6 O-O-O 23. gxf7 Qxf7 24. Nxb5 cxb5 25. Qxb5 Nc4 26. Bg5 Rxd1+ 27.
Rxd1 Rh8 28. b3 Nxe5 29. Bf4 Qc7 30. Bxe5 Qxe5 31. Qc6+ Qc7 32. Qxe6+ Qd7 33.
Qa6+ Kb8 34. Qb6+ Qb7 35. Qe6 Ne7 36. Qe5+ Qc7 37. Qxg7 Rc8 38. Qh7 Qc5 39.
Qh2+ Kb7 40. Qe2 Nc6 41. Rd2 Rg8 42. Rd1 Rg3 43. Rd3 Rg7 44. Rd1 Re7 45. Qd3
Nb4 46. Qd2 Rc7 47. Kb1 d4 48. Rc1 d3 49. cxd3 Qxc1+ 50. Qxc1 Rxc1+ 51. Kxc1
Nxd3+ 52. Kc2 Nb4+ 53. Kb2 Kb6 54. Kb1 Kb5 55. Kb2 Nd5 56. Ka3 Nb6 57. Kb2 Kb4
58. a3+ Kb5 59. Kc3 Kc6 60. Kd4 Kd6 61. b4 a4 62. b5 Nd7 63. Kc4 Kc7 64. Kb4
Nb6 65. Ka5 1/2-1/2

[Event "ODJM A 2015"]
[Site "Willingen GER"]
[Date "2015.05.27"]
[Round "6"]
[White "Tham, Minh"]
[Black "Gauchel, Lorenz"]
[Result "0-1"]
[Termination "normal"]
[Board "24"]
[WhiteElo "1600"]
[BlackElo "1748"]
[PlyCount "90"]
[WhiteFideId "12997323"]
[BlackFideId "12905283"]
[EventCountry "GER"]
[EventRounds "9"]
[EventType "swiss"]
[EventDate "2015.05.23"]

1. e4 Nf6 2. e5 Nd5 3. d4 d6 4. c4 Nb6 5. exd6 exd6 6. Nf3 Be7 7. Nc3 Nc6 8.
Be3 Bg4 9. Be2 O-O 10. O-O Bxf3 11. gxf3 Re8 12. c5 dxc5 13. dxc5 Nd7 14. Ne4
Nf6 15. Nxf6+ Bxf6 16. Qxd8 Nxd8 17. Rab1 Ne6 18. Bc4 Rad8 19. b3 Bd4 20. Bxd4
Nxd4 21. Kg2 Re5 22. Rbd1 Rxc5 23. Rfe1 Kf8 24. Re4 Nc6 25. Rxd8+ Nxd8 26. Rd4
Nc6 27. Rf4 Ne5 28. Rf5 f6 29. f4 Nd7 30. Be6 g6 31. Rxc5 Nxc5 32. Bc4 Ne4 33.
f3 Nd6 34. Bd3 Ke7 35. Kf2 Ke6 36. h4 Nf5 37. Bxf5+ Kxf5 38. Ke3 c5 39. a3 b5
40. a4 a6 41. a5 h6 42. Ke2 Kxf4 43. Kf2 h5 44. Ke2 g5 45. hxg5 fxg5 0-1

[Event "ODJM A 2015"]
[Site "Willingen GER"]
[Date "2015.05.27"]
[Round "6"]
[White "Teichert, Felix"]
[Black "Pysarenko, Kyrill"]
[Result "1/2-1/2"]
[Termination "normal"]
[Board "25"]
[WhiteElo "1804"]
[BlackElo "1482"]
[PlyCount "78"]
[WhiteFideId "12987670"]
[BlackFideId "12974250"]
[EventCountry "GER"]
[EventRounds "9"]
[EventType "swiss"]
[EventDate "2015.05.23"]

1. Nf3 c5 2. b3 Nf6 3. Bb2 e6 4. e3 b6 5. g3 Bb7 6. Bg2 Be7 7. O-O Qc7 8. d3 d6
9. Qe2 O-O 10. Nbd2 Nbd7 11. e4 Rad8 12. a4 a6 13. Rfe1 Rfe8 14. Nh4 Bf8 15. f4
g6 16. Bh3 Bg7 17. Rab1 Nb8 18. Qf2 d5 19. Be5 Qc8 20. Bxf6 Bxf6 21. e5 Be7 22.
Ng2 Nc6 23. Ne3 Qc7 24. Rf1 f5 25. Bg2 b5 26. Bf3 b4 27. Kh1 Bf8 28. Qg2 Nd4
29. Bd1 Rd7 30. Nf3 Nxf3 31. Bxf3 Rc8 32. h3 Bg7 33. Kh2 g5 34. Qe2 Bc6 35.
Rbe1 h6 36. Bh5 Re7 37. Ng2 Be8 38. Bxe8 Rexe8 39. Qh5 Qf7 1/2-1/2

[Event "ODJM A 2015"]
[Site "Willingen GER"]
[Date "2015.05.27"]
[Round "6"]
[White "Hartmann, Jakob"]
[Black "Udaykumar, Arunn Mark"]
[Result "1-0"]
[Termination "normal"]
[Board "26"]
[WhiteElo "1914"]
[BlackElo "1824"]
[PlyCount "35"]
[WhiteFideId "12918067"]
[BlackFideId "12965456"]
[EventCountry "GER"]
[EventRounds "9"]
[EventType "swiss"]
[EventDate "2015.05.23"]

1. e4 e5 2. Nc3 Nf6 3. f4 Nc6 4. fxe5 Nxe5 5. d4 Ng6 6. e5 Ng8 7. Nf3 Bb4 8.
Bd3 d6 9. O-O dxe5 10. Qe2 Be6 11. Bxg6 hxg6 12. Qb5+ c6 13. Qxb4 exd4 14. Nxd4
Qh4 15. Bf4 g5 16. Bg3 Qh6 17. Nxe6 fxe6 18. Qf8+ 1-0

[Event "ODJM A 2015"]
[Site "Willingen GER"]
[Date "2015.05.27"]
[Round "6"]
[White "Berger, Nadja"]
[Black "Kappelmann, Florian"]
[Result "1-0"]
[Termination "normal"]
[Board "27"]
[WhiteElo "1808"]
[BlackElo "1701"]
[PlyCount "71"]
[WhiteFideId "24692212"]
[BlackFideId "12973165"]
[EventCountry "GER"]
[EventRounds "9"]
[EventType "swiss"]
[EventDate "2015.05.23"]

1. c4 b6 2. g3 Bb7 3. Nf3 e6 4. Bg2 Nf6 5. O-O c5 6. b3 Nc6 7. Bb2 Be7 8. Nc3
O-O 9. e3 Rb8 10. d4 cxd4 11. exd4 d5 12. Ne5 Re8 13. Re1 Na5 14. Rc1 dxc4 15.
Bxb7 Nxb7 16. Nc6 Qd7 17. Nxb8 Rxb8 18. bxc4 Nd6 19. Qe2 Rc8 20. Nb5 Nxb5 21.
cxb5 Rxc1 22. Rxc1 h6 23. Qc4 Kh7 24. Qc6 Qd5 25. a4 Qb3 26. Qc2+ Qxc2 27. Rxc2
Nd5 28. Rc8 Nb4 29. Rc7 Bf6 30. Rxf7 Nc2 31. Rd7 Kg6 32. Kf1 Kf5 33. Ke2 g5 34.
Bc3 g4 35. Kd3 Na3 36. Bb4 1-0

[Event "ODJM A 2015"]
[Site "Willingen GER"]
[Date "2015.05.27"]
[Round "6"]
[White "Faulhaber, Tobias"]
[Black "Steffens, Oliver"]
[Result "0-1"]
[Termination "normal"]
[Board "28"]
[WhiteElo "1917"]
[BlackElo "1665"]
[PlyCount "56"]
[WhiteFideId "1271914"]
[BlackFideId "12947148"]
[EventCountry "GER"]
[EventRounds "9"]
[EventType "swiss"]
[EventDate "2015.05.23"]

1. e4 c5 2. Nf3 Nc6 3. d4 cxd4 4. Nxd4 Nf6 5. Nc3 e5 6. Ndb5 d6 7. Bg5 a6 8.
Na3 b5 9. Nd5 Be7 10. Nxe7 Nxe7 11. Bxf6 gxf6 12. c4 bxc4 13. Nxc4 d5 14. exd5
Nxd5 15. Be2 O-O 16. O-O Be6 17. Rc1 Rc8 18. Nd2 Nf4 19. Rxc8 Qxc8 20. Bf3 Rd8
21. Qe1 Kg7 22. g3 Nh3+ 23. Kg2 Ng5 24. h4 Bh3+ 25. Kh1 Nxf3 26. Nxf3 Qb7 27.
Rg1 Qxf3+ 28. Kh2 Bg4 0-1

[Event "ODJM A 2015"]
[Site "Willingen GER"]
[Date "2015.05.27"]
[Round "6"]
[White "Reitz, Philipp"]
[Black "Zesewitz, Maik"]
[Result "1/2-1/2"]
[Termination "normal"]
[Board "29"]
[WhiteElo "1797"]
[BlackElo "1604"]
[PlyCount "60"]
[WhiteFideId "12973297"]
[BlackFideId "12905640"]
[EventCountry "GER"]
[EventRounds "9"]
[EventType "swiss"]
[EventDate "2015.05.23"]

1. e4 e5 2. Nf3 f5 3. Nxe5 Qf6 4. d4 d6 5. Nf3 fxe4 6. Qe2 d5 7. Ne5 Nc6 8. Qb5
Nge7 9. Nc3 a6 10. Qa4 Rb8 11. Nxc6 Qxc6 12. Bf4 Qxa4 13. Nxa4 Bd7 14. Nc5 Ng6
15. Bxc7 Rc8 16. Bb6 Rc6 17. Nxd7 Kxd7 18. Bc5 Bxc5 19. dxc5 Rxc5 20. O-O-O
Rhc8 21. Rd2 Ne5 22. Be2 g6 23. h4 h5 24. Rh3 Ke6 25. Rg3 d4 26. b4 R5c7 27.
Kb1 Rd8 28. f4 exf3 29. Bxf3 d3 30. cxd3 Rxd3 1/2-1/2

[Event "ODJM A 2015"]
[Site "Willingen GER"]
[Date "2015.05.27"]
[Round "6"]
[White "Reck, Jessica"]
[Black "Longo, Claudio"]
[Result "0-1"]
[Termination "normal"]
[Board "30"]
[WhiteElo "1620"]
[BlackElo "2013"]
[PlyCount "84"]
[WhiteFideId "12917931"]
[BlackFideId "12994766"]
[EventCountry "GER"]
[EventRounds "9"]
[EventType "swiss"]
[EventDate "2015.05.23"]

1. d4 d5 2. c4 e6 3. Nf3 Nf6 4. Nbd2 Be7 5. g3 O-O 6. Bg2 b6 7. b3 Bb7 8. Bb2
dxc4 9. bxc4 Na6 10. O-O c5 11. e3 Qc7 12. Qe2 Rad8 13. Nb3 Be4 14. a3 Rc8 15.
Nbd2 Bb7 16. Rac1 Rfd8 17. Rfd1 h6 18. Bh3 Rb8 19. Ne5 Re8 20. Nb1 Rbd8 21. Nc3
Qb8 22. Nb5 Nc7 23. Nc3 Qa8 24. Qf1 Bd6 25. Bg2 Ne4 26. Nxe4 Bxe4 27. Bxe4 Qxe4
28. Qd3 Qa8 29. d5 exd5 30. Qf5 Bxe5 31. Bxe5 Ne6 32. Qg4 dxc4 33. f4 Rxd1+ 34.
Rxd1 Qe4 35. Rd6 g6 36. Qh4 Qxe3+ 37. Kg2 Qe2+ 38. Kg1 Qe1+ 39. Kg2 Nxf4+ 40.
Bxf4 Re2+ 41. Kh3 Qf1+ 42. Kg4 f5# 0-1

[Event "ODJM A 2015"]
[Site "Willingen GER"]
[Date "2015.05.27"]
[Round "6"]
[White "Wieber, Dominik"]
[Black "Hundrieser, Malte"]
[Result "1/2-1/2"]
[Termination "normal"]
[Board "31"]
[WhiteElo "1851"]
[BlackElo "1659"]
[PlyCount "88"]
[WhiteFideId "24699012"]
[BlackFideId "12997153"]
[EventCountry "GER"]
[EventRounds "9"]
[EventType "swiss"]
[EventDate "2015.05.23"]

1. e4 c5 2. Nf3 d6 3. b3 Nf6 4. d3 g6 5. Bb2 Bg7 6. Nbd2 O-O 7. Be2 Nc6 8. O-O
a6 9. a4 Bg4 10. h3 Bxf3 11. Bxf3 Rb8 12. Re1 Qc7 13. Nc4 b5 14. Ne3 Qd7 15.
Qe2 Nd4 16. Bxd4 cxd4 17. Nd5 e6 18. Nb4 a5 19. e5 axb4 20. exf6 Bxf6 21. a5 d5
22. Qd2 Be7 23. a6 Ra8 24. Ra5 Ra7 25. Rea1 Rfa8 26. Qf4 Kg7 27. Qe5+ Bf6 28.
Qe1 Qc6 29. Qxb4 Rxa6 30. Rxa6 Rxa6 31. Rxa6 Qxa6 32. g3 Qa1+ 33. Kg2 Qc3 34.
Qxc3 dxc3 35. g4 Be7 36. Be2 Bc5 37. d4 Bxd4 38. Bxb5 f5 39. Kf3 Kf6 40. Kg3 e5
41. Bc6 f4+ 42. Kg2 Ke6 43. f3 Kd6 44. Bb7 Ke6 1/2-1/2

[Event "ODJM A 2015"]
[Site "Willingen GER"]
[Date "2015.05.27"]
[Round "6"]
[White "Lohrmann, Tabea"]
[Black "Buhr, Patrick"]
[Result "0-1"]
[Termination "normal"]
[Board "32"]
[WhiteElo "1493"]
[BlackElo "1769"]
[PlyCount "96"]
[WhiteFideId "12911941"]
[BlackFideId "16206436"]
[EventCountry "GER"]
[EventRounds "9"]
[EventType "swiss"]
[EventDate "2015.05.23"]

1. e4 c6 2. c4 d5 3. exd5 cxd5 4. cxd5 Nf6 5. d4 Nxd5 6. Nc3 a6 7. Nf3 Nc6 8.
Be2 g6 9. O-O Bg7 10. Be3 O-O 11. Qd2 Re8 12. a3 b5 13. Rac1 Bb7 14. Ng5 e5 15.
Nxd5 exd4 16. Bxd4 Nxd4 17. Nc3 Nxe2+ 18. Qxe2 Rxe2 19. Nxe2 Qxg5 20. Ng3 Bxb2
21. Rc7 Qd5 22. f3 Bxa3 23. Rc2 Rc8 24. Rxc8+ Bxc8 25. Re1 Bc5+ 26. Kh1 Bb7 27.
Ne4 Kg7 28. Nxc5 Qxc5 29. h3 b4 30. Kh2 b3 31. Rb1 Qc2 32. Rf1 b2 33. Kg3 b1=Q
34. Rxb1 Qxb1 35. h4 Qe1+ 36. Kg4 Bc8+ 37. Kf4 Qxh4+ 38. g4 g5+ 39. Ke4 f5+ 40.
Ke5 Qg3+ 41. Kd5 Qxf3+ 42. Ke5 fxg4 43. Kd4 g3 44. Ke5 g2 45. Kd4 g1=Q+ 46. Kc4
Qc1+ 47. Kb4 Qfc3+ 48. Ka4 Bd7# 0-1

[Event "ODJM A 2015"]
[Site "Willingen GER"]
[Date "2015.05.27"]
[Round "6"]
[White "Glaser, Maximilian"]
[Black "Baumann, Eva"]
[Result "0-1"]
[Termination "normal"]
[Board "33"]
[WhiteElo "1721"]
[BlackElo "1539"]
[PlyCount "100"]
[WhiteFideId "12956961"]
[BlackFideId "12998788"]
[EventCountry "GER"]
[EventRounds "9"]
[EventType "swiss"]
[EventDate "2015.05.23"]

1. Nf3 d5 2. g3 Nf6 3. Bg2 Bf5 4. O-O e6 5. d3 Bc5 6. Nbd2 O-O 7. c3 c6 8. h3
h6 9. Qc2 Nbd7 10. b4 Bb6 11. Nh4 Bh7 12. Bb2 Nh5 13. Kh2 Bc7 14. Bf3 Qxh4 15.
Bxh5 Qxh5 16. Nf3 f6 17. Qd2 Qf7 18. Nd4 Bb6 19. Nf3 Rac8 20. a4 a6 21. Ba3
Rfd8 22. Kg2 e5 23. Nh2 e4 24. d4 Bc7 25. Bc1 Bf5 26. f4 exf3+ 27. exf3 Re8 28.
Qf2 Qe6 29. g4 Bd3 30. Rg1 Qe2 31. Rf1 Qxf2+ 32. Rxf2 Re2 33. Rxe2 Bxe2 34. Nf1
Re8 35. Ng3 Bd3 36. Ra2 Nf8 37. Nh5 Kf7 38. f4 Re1 39. Bd2 Re2+ 40. Kf3 Bc4 41.
Rb2 Ne6 42. Ng3 Rh2 43. h4 Bxf4 44. Bc1 Rxb2 45. Bxb2 Bd2 46. Nf5 Bf4 47. h5
Bc7 48. Nh4 Bb3 49. a5 Bd1+ 50. Ke3 Bxg4 0-1

[Event "ODJM A 2015"]
[Site "Willingen GER"]
[Date "2015.05.27"]
[Round "6"]
[White "Jacob, Karl"]
[Black "Meyer, Nico"]
[Result "1-0"]
[Termination "normal"]
[Board "34"]
[WhiteElo "1826"]
[BlackElo "1447"]
[PlyCount "77"]
[WhiteFideId "24696684"]
[BlackFideId "12975257"]
[EventCountry "GER"]
[EventRounds "9"]
[EventType "swiss"]
[EventDate "2015.05.23"]

1. Nf3 d5 2. d4 Nf6 3. Bf4 c5 4. e3 Qb6 5. Qc1 Nc6 6. c3 e6 7. Bd3 c4 8. Bc2
Qd8 9. Nbd2 Bd6 10. Bg3 Qc7 11. O-O e5 12. dxe5 Nxe5 13. Nxe5 Bxe5 14. Bxe5
Qxe5 15. Nf3 Qc7 16. Qd2 O-O 17. Qd4 Be6 18. Rfd1 Bg4 19. Kh1 Rfe8 20. h3 Bxf3
21. gxf3 Qe5 22. Qh4 Rad8 23. Rg1 Qh5 24. Qg3 g6 25. Rad1 Re5 26. Kh2 Re7 27.
Rd4 Qe5 28. f4 Qe6 29. Qg5 Qd6 30. Rgd1 b5 31. e4 Qc7 32. e5 Nh5 33. Rxd5 Rxd5
34. Rxd5 f6 35. exf6 Re2 36. Bxg6 Rxf2+ 37. Kg1 Rg2+ 38. Qxg2 Nxf4 39. Bf7+ 1-0

[Event "ODJM A 2015"]
[Site "Willingen GER"]
[Date "2015.05.27"]
[Round "6"]
[White "Bosse, Lea"]
[Black "Ehmann, Johanna"]
[Result "1-0"]
[Termination "normal"]
[Board "36"]
[WhiteElo "1641"]
[BlackElo "1671"]
[PlyCount "40"]
[WhiteFideId "12900419"]
[BlackFideId "12953130"]
[EventCountry "GER"]
[EventRounds "9"]
[EventType "swiss"]
[EventDate "2015.05.23"]

1. d4 d5 2. Bf4 e6 3. e3 c5 4. c3 Nf6 5. Nf3 Nc6 6. Nbd2 cxd4 7. exd4 Be7 8.
Bd3 O-O 9. Qc2 Bd7 10. Bg3 Rc8 11. Qd1 a6 12. a4 Na5 13. Ne5 Be8 14. O-O Nd7
15. Kh1 Nxe5 16. dxe5 d4 17. cxd4 Qxd4 18. Nb3 Nxb3 19. Qxb3 Qb4 20. Qxb4 Bxb4
1-0

[Event "ODJM A 2015"]
[Site "Willingen GER"]
[Date "2015.05.27"]
[Round "6"]
[White "Neumann, Tiemon"]
[Black "Leddin, Mathias"]
[Result "1-0"]
[Termination "normal"]
[Board "37"]
[WhiteElo "1664"]
[BlackElo "1649"]
[PlyCount "45"]
[WhiteFideId "12925462"]
[BlackFideId "4654684"]
[EventCountry "GER"]
[EventRounds "9"]
[EventType "swiss"]
[EventDate "2015.05.23"]

1. e4 e5 2. Bc4 Bc5 3. Nc3 Nf6 4. d3 h6 5. Nf3 Nc6 6. O-O O-O 7. Na4 Be7 8. Be3
d6 9. h3 a6 10. Nc3 Na5 11. Bb3 Nxb3 12. axb3 Be6 13. d4 exd4 14. Qxd4 Nh7 15.
Rfd1 Qe8 16. Nd5 Bd8 17. e5 dxe5 18. Qxe5 Qc6 19. Nb4 Qe8 20. Bc5 Be7 21. Bxe7
Qxe7 22. Nd5 Qc5 23. Nf6+ 1-0

[Event "ODJM A 2015"]
[Site "Willingen GER"]
[Date "2015.05.27"]
[Round "6"]
[White "Brunner, Tobias"]
[Black "Stockter, Jasper Enno"]
[Result "1-0"]
[Termination "time forfeit"]
[Board "38"]
[WhiteElo "1717"]
[BlackElo "1484"]
[PlyCount "63"]
[WhiteFideId "12949833"]
[BlackFideId "12957291"]
[EventCountry "GER"]
[EventRounds "9"]
[EventType "swiss"]
[EventDate "2015.05.23"]

1. e4 e6 2. d4 d5 3. exd5 exd5 4. Bd3 Bd6 5. Ne2 Ne7 6. Bg5 h6 7. Bh4 c6 8. c3
Be6 9. Nd2 Nd7 10. Qc2 Qc7 11. Bg3 O-O-O 12. b4 Nb6 13. a4 Nc4 14. Bxc4 dxc4
15. Qa2 Bxg3 16. Nxg3 Nd5 17. Qc2 Nf4 18. O-O h5 19. Rfb1 h4 20. Ngf1 Rh6 21.
Nf3 Rg6 22. Nxh4 Rg4 23. g3 Rh8 24. Ng2 Nxg2 25. Kxg2 Bd5+ 26. f3 Qf4 27. Qf2
Qh6 28. Kg1 Rg6 29. Rb2 Rf6 30. Nd2 Qh5 31. Rf1 Rfh6 32. Ne4 1-0

[Event "ODJM A 2015"]
[Site "Willingen GER"]
[Date "2015.05.27"]
[Round "6"]
[White "Schulz, Theresa Charlotte"]
[Black "Schimnatkowski, Lukas"]
[Result "0-1"]
[Termination "normal"]
[Board "39"]
[WhiteElo "1611"]
[BlackElo "1851"]
[PlyCount "54"]
[WhiteFideId "12952206"]
[BlackFideId "12936723"]
[EventCountry "GER"]
[EventRounds "9"]
[EventType "swiss"]
[EventDate "2015.05.23"]

1. d4 Nf6 2. e3 c5 3. Bd3 cxd4 4. exd4 d5 5. f4 g6 6. Nf3 Bg7 7. c3 Nbd7 8. O-O
b6 9. Nbd2 Bb7 10. Ne5 O-O 11. Ndf3 Ne4 12. Bd2 f6 13. Nxd7 Qxd7 14. Be1 Rac8
15. Bh4 Rfe8 16. Qb3 Kh8 17. Bb5 Bc6 18. Ba6 Rc7 19. Bd3 Ba4 20. Qb4 e6 21. c4
Bc6 22. Qe1 b5 23. c5 Rec8 24. b4 Rf8 25. Nd2 g5 26. fxg5 fxg5 27. Bxe4 gxh4
0-1

[Event "ODJM A 2015"]
[Site "Willingen GER"]
[Date "2015.05.27"]
[Round "6"]
[White "Kornitzky, Tino"]
[Black "Sinnhöfer, Jonas"]
[Result "1/2-1/2"]
[Termination "normal"]
[Board "40"]
[WhiteElo "1622"]
[BlackElo "1671"]
[PlyCount "149"]
[WhiteFideId "12970379"]
[BlackFideId "12982938"]
[EventCountry "GER"]
[EventRounds "9"]
[EventType "swiss"]
[EventDate "2015.05.23"]

1. d4 d5 2. c4 e5 3. dxe5 d4 4. Nf3 Nc6 5. Nbd2 Nge7 6. Nb3 Ng6 7. Nbxd4 Bb4+
8. Bd2 Bxd2+ 9. Qxd2 Ncxe5 10. Nxe5 Nxe5 11. e3 O-O 12. Be2 c5 13. Nb3 b6 14.
Qc3 Re8 15. Rd1 Qc7 16. Nd2 Bb7 17. Nf3 Nd7 18. O-O Nf6 19. Nd2 Rad8 20. Bf3
Bc8 21. Qc2 Ng4 22. Bxg4 Bxg4 23. f3 Bc8 24. e4 Rd7 25. Nb3 Red8 26. Rxd7 Qxd7
27. Rf2 Kf8 28. Rd2 Qe7 29. Rxd8+ Qxd8 30. Qd2 Qxd2 31. Nxd2 Ke7 32. Kf2 Ke6
33. Ke3 a6 34. Nb1 b5 35. b3 Bd7 36. Nc3 Kd6 37. Kf4 f6 38. h4 bxc4 39. bxc4
Be6 40. Nd5 Bd7 41. g4 Bc8 42. g5 Ke6 43. gxf6 gxf6 44. Ke3 a5 45. f4 Bd7 46.
Nc7+ Kd6 47. Nb5+ Kc6 48. e5 fxe5 49. fxe5 Be6 50. Nd6 Kd7 51. Kd3 Kc6 52. Kc3
Bd7 53. Nf7 Be6 54. Ng5 Bf5 55. Kb3 h6 56. Nf7 Be6 57. Nd6 Bd7 58. Ka3 Kb6 59.
Ne4 Be6 60. Kb3 Kc6 61. Ng3 Bg4 62. Nf1 Kb6 63. Ne3 Be6 64. Nd5+ Kc6 65. Ka4
Bxd5 66. cxd5+ Kxd5 67. Kb5 c4 68. e6 c3 69. e7 c2 70. e8=Q c1=Q 71. Qd7+ Ke5
72. Qe7+ Kf5 73. Qh7+ Kg4 74. Qe4+ Kh5 75. Qf3+ 1/2-1/2

[Event "ODJM A 2015"]
[Site "Willingen GER"]
[Date "2015.05.27"]
[Round "6"]
[White "Wissing, Philipp"]
[Black "Leimbach, Tim Vincent"]
[Result "1/2-1/2"]
[Termination "normal"]
[Board "41"]
[WhiteElo "1558"]
[BlackElo "1699"]
[PlyCount "42"]
[WhiteFideId "12993654"]
[BlackFideId "12988600"]
[EventCountry "GER"]
[EventRounds "9"]
[EventType "swiss"]
[EventDate "2015.05.23"]

1. e4 e5 2. Nf3 Nc6 3. Bc4 Bc5 4. c3 Nf6 5. d4 exd4 6. e5 Ng4 7. cxd4 Bb4+ 8.
Bd2 Bxd2+ 9. Nbxd2 O-O 10. O-O d5 11. Be2 Nh6 12. Nb3 f6 13. exf6 Qxf6 14. Bb5
Bg4 15. Bxc6 Qxc6 16. Nbd2 Rae8 17. Qb3 b6 18. Rac1 Qd6 19. Ne5 c5 20. Ne4 Qe6
21. Ng5 Qd6 1/2-1/2

[Event "ODJM A 2015"]
[Site "Willingen GER"]
[Date "2015.05.29"]
[Round "8"]
[White "Meißner, Felix"]
[Black "Riehle, Marco"]
[Result "1-0"]
[Termination "normal"]
[Board "1"]
[WhiteTitle "FM"]
[WhiteElo "2268"]
[BlackElo "2062"]
[WhiteClock "00:06:47"]
[BlackClock "01:45:06"]
[PlyCount "133"]
[WhiteFideId "24671827"]
[BlackFideId "12904392"]
[EventCountry "GER"]
[EventRounds "9"]
[EventType "swiss"]
[EventDate "2015.05.23"]

1. e4 e5 2. Nf3 Nc6 3. Nc3 Nf6 4. d4 exd4 5. Nxd4 Bb4 6. Nxc6 bxc6 7. Bd3 d5 8.
exd5 cxd5 9. O-O O-O 10. h3 c6 11. Qf3 Rb8 12. Bf4 Bd6 13. b3 Be6 14. Rfe1 c5
15. Rad1 Rb4 16. Bxd6 Qxd6 17. Bc4 d4 18. Bxe6 fxe6 19. Ne4 Nxe4 20. Qxe4 Rb6
21. Rd3 Qf4 22. Qxf4 Rxf4 23. g3 Rf5 24. Kg2 Kf7 25. Re4 Rd6 26. g4 Rfd5 27. h4
Rd7 28. Kf1 Ke7 29. Ke2 Rc7 30. f4 Kd6 31. c4 dxc3 32. Rxc3 h5 33. Rce3 Re7 34.
f5 e5 35. gxh5 Rf7 36. Ra4 Rd4 37. Ra6+ Kd5 38. h6 Rxh4 39. hxg7 Rxg7 40. Kd3
Rf4 41. Kc3 e4 42. f6 Rf7 43. Ra4 R7xf6 44. Rxa7 Rf3 45. Kd2 Rf2+ 46. Re2 Rxe2+
47. Kxe2 Rh6 48. Rd7+ Ke5 49. Re7+ Kd4 50. Rd7+ Kc3 51. Rc7 Rh5 52. Ke3 Re5 53.
Rb7 Re6 54. Rb5 c4 55. Rc5 Kb2 56. bxc4 Kxa2 57. Rb5 Ka3 58. Rb1 Ka4 59. c5 Ka5
60. Kd4 e3 61. Kd5 Re8 62. c6 e2 63. c7 Rh8 64. Kc6 Rf8 65. Re1 Rf6+ 66. Kc5
Rf5+ 67. Kd6 1-0

[Event "ODJM A 2015"]
[Site "Willingen GER"]
[Date "2015.05.29"]
[Round "8"]
[White "Poetsch, Hagen"]
[Black "Quante, Lennart"]
[Result "1-0"]
[Termination "normal"]
[Board "2"]
[WhiteTitle "IM"]
[WhiteElo "2481"]
[BlackElo "2092"]
[WhiteClock "00:45:40"]
[BlackClock "00:30:10"]
[PlyCount "55"]
[WhiteFideId "24615137"]
[BlackFideId "12979627"]
[EventCountry "GER"]
[EventRounds "9"]
[EventType "swiss"]
[EventDate "2015.05.23"]

1. g3 d5 2. Nf3 Nf6 3. Bg2 c6 4. O-O Bg4 5. d3 Nbd7 6. Nbd2 e5 7. e4 dxe4 8.
dxe4 Bc5 9. c3 O-O 10. h3 Bh5 11. g4 Bg6 12. Nh4 Ne8 13. Nf5 Nc7 14. Nc4 Ne6
15. b4 Bb6 16. Qf3 Qc7 17. a4 a5 18. Rd1 axb4 19. Rxd7 Bxf2+ 20. Kxf2 Qxd7 21.
Nb6 Qc7 22. Nxa8 Rxa8 23. cxb4 Qb6+ 24. Qe3 Qxb4 25. Bd2 Qb2 26. Qc3 Nf4 27.
Bf1 Qxc3 28. Bxc3 1-0

[Event "ODJM A 2015"]
[Site "Willingen GER"]
[Date "2015.05.29"]
[Round "8"]
[White "Böhning, Kilian"]
[Black "Steingräber, Kai Uwe"]
[Result "0-1"]
[Termination "normal"]
[Board "3"]
[WhiteElo "2016"]
[BlackElo "2195"]
[WhiteClock "00:10:30"]
[BlackClock "00:05:02"]
[PlyCount "123"]
[WhiteFideId "1270499"]
[BlackFideId "1271602"]
[EventCountry "GER"]
[EventRounds "9"]
[EventType "swiss"]
[EventDate "2015.05.23"]

1. f4 b6 2. e4 Bb7 3. Nc3 e6 4. Nf3 Nf6 5. d3 d5 6. e5 Nfd7 7. g3 Be7 8. Bh3
O-O 9. O-O Re8 10. Re1 c5 11. Ne2 Nc6 12. g4 Qc7 13. Ng3 b5 14. c3 Rac8 15. Bd2
a5 16. Qe2 Ba6 17. Rac1 a4 18. f5 Bf8 19. d4 Qa7 20. Qe3 b4 21. g5 g6 22. fxe6
fxe6 23. Qf4 a3 24. bxa3 bxc3 25. Bxc3 Bc4 26. Kh1 Qxa3 27. Nh5 Nd8 28. Nf6+
Nxf6 29. gxf6 Nf7 30. Qg3 Bh6 31. Nh4 Bg5 32. Rc2 Bxh4 33. Qxh4 Bd3 34. Bb2
Qxa2 35. Rf2 cxd4 36. Bxd4 Qc4 37. Qf4 Be4+ 38. Rxe4 dxe4 39. Bb2 Rb8 40. Bf1
Qc5 41. h4 Rxb2 42. Rxb2 Qxe5 43. Qxe5 Nxe5 44. Bh3 Kf7 45. Rb4 Kxf6 46. Rxe4
Nd3 47. Kh2 e5 48. Bg2 Kf5 49. Re3 Nf4 50. Bc6 Re7 51. Kg3 Rc7 52. Be4+ Kf6 53.
Bf3 h5 54. Rb3 Kf5 55. Ra3 Ne6 56. Ra8 e4 57. Bd1 Rc3+ 58. Kg2 Rd3 59. Ra5+ Kf4
60. Be2 Rd2 61. Kf1 Nd4 62. Ba6 0-1

[Event "ODJM A 2015"]
[Site "Willingen GER"]
[Date "2015.05.29"]
[Round "8"]
[White "Balazs, Balint"]
[Black "Kardoeus, David"]
[Result "0-1"]
[Termination "normal"]
[Board "4"]
[WhiteElo "2034"]
[BlackElo "2176"]
[WhiteClock "00:23:37"]
[BlackClock "00:20:21"]
[PlyCount "66"]
[WhiteFideId "12922757"]
[BlackFideId "12912050"]
[EventCountry "GER"]
[EventRounds "9"]
[EventType "swiss"]
[EventDate "2015.05.23"]

1. d4 Nf6 2. Nc3 Nc6 3. e4 e5 4. d5 Ne7 5. Be3 Ng6 6. f3 Bb4 7. Nge2 d6 8. Qd2
O-O 9. O-O-O Nd7 10. g4 Bc5 11. Ng3 Bxe3 12. Qxe3 Nc5 13. Nf5 Nf4 14. h4 Bxf5
15. exf5 c6 16. dxc6 bxc6 17. Ne4 Nxe4 18. fxe4 Qc7 19. Bc4 Rfd8 20. f6 d5 21.
Bb3 a5 22. a4 d4 23. Qd2 Rab8 24. Kb1 Rb4 25. g5 c5 26. Bd5 Rdb8 27. b3 c4 28.
g6 hxg6 29. fxg7 d3 30. Rh3 Qc5 31. Ka2 c3 32. Qe3 Rxa4+ 33. bxa4 Rb2+ 0-1